Geografía de la percepción urbana: ¿cómo vemos la ciudad?
Saved in:
| Main Author: | |
|---|---|
| Format: | Book |
| Language: | Spanish |
| Published: |
Buenos Aires
Lugar
2000
|
| Series: | Colección Lugar Docente
|
| Subjects: | |
| Tags: |
Add Tag
No Tags, Be the first to tag this record!
|
MARC
| LEADER | 00000nam a2200000 a 4500 | ||
|---|---|---|---|
| 001 | UCM0095 | ||
| 003 | CL-VaPUC | ||
| 008 | 020108e20000000AG |||||||||||||||||spa|d | ||
| 020 | |a 9508920963 | ||
| 082 | 0 | 4 | |a 526 |b CAN |2 21 |
| 100 | 0 | |a Caneto, Claudio |e author |9 466743 | |
| 245 | 1 | 0 | |a Geografía de la percepción urbana: ¿cómo vemos la ciudad? |
| 300 | |a 109 p | ||
| 942 | |c BK | ||
| 945 | |d 20020108 00:00:00 |a crobeson | ||
| 260 | |a Buenos Aires |b Lugar |c 2000 | ||
| 650 | 0 | |a Geografía |9 259346 | |
| 650 | 0 | |a Espacios urbanos |9 262902 | |
| 650 | 0 | |a Ciudades |9 265474 | |
| 650 | 7 | |a PERCEPCION ESPACIAL |2 CL-VaPUC |9 309386 | |
| 583 | |a last modification |c 20130306 12:18:54 |k Rodrigo Vera | ||
| 490 | 0 | |a Colección Lugar Docente | |
| 999 | |c 299150 |d 299148 | ||
| 952 | |0 0 |1 0 |4 0 |6 526_000000000000000_CAN_2000 |7 0 |8 A |9 355350 |a BIBING |b BIBING |d 2019-11-21 |i 3786390 |o 526 CAN 2000 |p 3786390 |r 2025-01-20 |w 2019-11-21 |y BK |k GEO | ||
| 952 | |0 0 |1 0 |4 0 |6 526_000000000000000_CAN_2000 |7 0 |8 A |9 355351 |a BIBING |b BIBING |d 2019-11-21 |i 4442040 |l 2 |o 526 CAN 2000 |p 4442040 |r 2025-01-20 |s 2024-05-23 |w 2019-11-21 |y BK |k GEO | ||